[Event "RUS-Cup04"]
[Site "Samara"]
[Date "2002.07.26"]
[Round "1"]
[White "Sunjaikin, Boris"]
[Black "Frolov, Denis"]
[Result "1-0"]
[WhiteElo "2219"]
[BlackElo "2459"]
[PlyCount "95"]
[EventDate "2002.07.26"]
[EventType "swiss"]
[EventRounds "9"]
[EventCountry "RUS"]
[SourceTitle "CBM 089 Extra"]
[Source "ChessBase"]
[SourceDate "2002.09.10"]
[SourceVersion "2"]
[SourceVersionDate "2002.09.10"]
[SourceQuality "1"]

1. e4 e5 2. Nf3 Nc6 3. Bc4 Nf6 4. d3 Be7 5. c3 0-0 6. Nbd2 d5 7. Bb3 Be6 8. Qe2 dxe4 9. dxe4 Bxb3 10. axb3 Qd7 11. b4 a6 12. 0-0 Rad8 13. Nc4 Qg4 14. Re1 h6 15. h3 Qe6 16. Na5 Nxa5 17. Rxa5 Nd7 18. Be3 c6 19. Nd2 Bd6 20. Qg4 Qxg4 21. hxg4 Bc7 22. Raa1 Nf6 23. f3 Rd3 24. Kf2 h5 25. gxh5 Nxh5 26. Nb3 Bd8 27. Rh1 Nf4 28. Nc5 Rxe3 29. Kxe3 Nxg2+ 30. Kf2 Nf4 31. Nxb7 Bb6+ 32. Kg3 Ne2+ 33. Kg2 Nf4+ 34. Kh2 Rb8 35. Na5 Rc8 36. Nc4 Bf2 37. Rhd1 g6 38. Rd2 Bh4 39. Kg1 Kg7 40. Rxa6 Be1 41. Rd7 Rh8 42. Raa7 Kf6 43. Rxf7+ Kg5 44. Rh7 Rd8 45. Rhd7 Rh8 46. Nxe5 Rh3 47. Rh7 Bh4 48. Ra5 1-0

[Event "RUS-Cup03"]
[Site "Tomsk"]
[Date "2002.07.12"]
[Round "5"]
[White "Frolov, Denis"]
[Black "Logunov, Maxim"]
[Result "1/2-1/2"]
[WhiteElo "2459"]
[BlackElo "2388"]
[PlyCount "23"]
[EventDate "2002.07.08"]
[EventType "swiss"]
[EventRounds "9"]
[EventCountry "RUS"]
[SourceTitle "CBM 089 Extra"]
[Source "ChessBase"]
[SourceDate "2002.09.10"]
[SourceVersion "2"]
[SourceVersionDate "2002.09.10"]
[SourceQuality "1"]

1. e4 c5 2. Nf3 Nc6 3. Nc3 g6 4. d4 cxd4 5. Nxd4 Bg7 6. Be3 Nf6 7. Bc4 0-0 8. 0-0 Nxe4 9. Nxe4 d5 10. Nxc6 bxc6 11. Bd3 dxe4 12. Bxe4 1/2-1/2

[Event "RUS-Cup03"]
[Site "Tomsk"]
[Date "2002.07.10"]
[Round "3"]
[White "Frolov, Denis"]
[Black "Lependin, Anatolij"]
[Result "1/2-1/2"]
[WhiteElo "2459"]
[BlackElo "2356"]
[PlyCount "47"]
[EventDate "2002.07.08"]
[EventType "swiss"]
[EventRounds "9"]
[EventCountry "RUS"]
[SourceTitle "CBM 089 Extra"]
[Source "ChessBase"]
[SourceDate "2002.09.10"]
[SourceVersion "2"]
[SourceVersionDate "2002.09.10"]
[SourceQuality "1"]

1. e4 c5 2. Nf3 Nc6 3. Nc3 e6 4. d4 cxd4 5. Nxd4 Qc7 6. g3 a6 7. Bg2 b5 8. 0-0 Bb7 9. Re1 Nxd4 10. Qxd4 Ne7 11. Bf4 Qc4 12. Qd2 Rd8 13. Bd6 Ng6 14. Rad1 f6 15. f4 Bxd6 16. Qxd6 Kf7 17. e5 Bxg2 18. Kxg2 Qc6+ 19. Qxc6 dxc6 20. exf6 gxf6 21. Ne4 e5 22. Nd6+ Ke7 23. Nf5+ Kf7 24. Nd6+ 1/2-1/2

[Event "RUS-chT Sibirian Zone"]
[Site "Omsk"]
[Date "2001.10.13"]
[Round "9"]
[White "Frolov, Denis"]
[Black "Pridorozhni, Aleksei"]
[Result "0-1"]
[WhiteElo "2473"]
[BlackElo "2410"]
[PlyCount "56"]
[EventDate "2001.10.05"]
[EventType "team-tourn"]
[EventRounds "9"]
[EventCountry "RUS"]
[SourceTitle "CBM 085 Extra"]
[Source "ChessBase"]
[SourceDate "2002.01.21"]
[SourceVersion "1"]
[SourceVersionDate "2002.01.21"]
[SourceQuality "1"]

1. e4 c5 2. Nf3 Nc6 3. Nc3 Nf6 4. e5 Ng4 5. Qe2 f6 6. exf6 Nxf6 7. d4 cxd4 8. Nb5 d6 9. Bg5 e5 10. Nbxd4 Be7 11. Nxc6 bxc6 12. 0-0-0 Qc7 13. Bxf6 Bxf6 14. Nd4 d5 15. f4 e4 16. g3 0-0 17. Nb3 a5 18. Qe3 a4 19. Nc5 Qb6 20. Qa3 Ra5 21. Nxe4 dxe4 22. Bc4+ Rd5 23. Bxd5+ cxd5 24. Rxd5 Be6 25. Rd2 e3 26. Re2 Rb8 27. c3 Bc4 28. Rc2 e2 0-1